LEADER 00864cam0 22002773 450 001 SOB007826 005 20210322090146.0 010 $a2718603410 100 $a20040211d1988 |||||ita|0103 ba 101 $afre 102 $aFR 200 1 $a<>machine de vision$fPaul Virilio 210 $aParis$cGalilée$d1988 215 $a159 p.$d22 cm 225 2 $aCollection l'Espace Critique 410 1$1001LAEC00015148$12001 $a*Collection l'Espace Critique 700 1$aVirilio$b, Paul$3AF00003435$4070$0143831 801 0$aIT$bUNISOB$c20210322$gRICA 850 $aUNISOB 852 $aUNISOB$j100$m107866 912 $aSOB007826 940 $aM 102 Monografia moderna SBN 941 $aM 957 $a100$b010122$gSI$d107866$rACQUISTO$1Alfano$2UNISOB$3UNISOB$420210322090115.0$520210322090129.0$6Alfano 996 $aMachine de vision$927475 997 $aUNISOB